Speed-reading in business : an action plan for success
| Main Author: | |
|---|---|
| Format: | Book |
| Published: |
California :
Crisp Publications ,
1989
|
| Subjects: |
MARC
| LEADER | 00000cam a2200000 7i4500 | ||
|---|---|---|---|
| 001 | 0000001292 | ||
| 002 | 000001424 | ||
| 005 | 20000330.0 | ||
| 020 | |a 0931961785 | ||
| 090 | 0 | 0 | |a 418.4 |b TUR |
| 100 | 1 | |a Turley, Joyce | |
| 245 | 1 | 0 | |a Speed-reading in business : |b an action plan for success |c Joyce Turley |
| 260 | |a California : |b Crisp Publications , |c 1989 | ||
| 300 | |a 73p. ; |c 25cm. | ||
| 650 | 0 | 0 | |a Rapid reading |
| 999 | |a 032679 |b BUKU |c PINJAMAN |e PERPUSTAKAAN KOMUNITI PETALING JAYA | ||